000
00245nam a2200097Ia 4500
008
240331s9999 xx 000 0 und d
082
_b
WOM
100
_a
Martens, M.H. ed
245
0
_a
Women in trade unions :
_b
organizing the unorganized
942
_c
L
999
_c
2682
_d
2682